000 00753cam a22002531 4500
001 ne 64000958
003 DLC
005 20260227111758.0
008 900625s1962 ua a 000 0 ararc
010 _ane 64000958
025 _aPL480:UAR-4016
035 _a(OCoLC)21915994
040 _aPrinceton Univ. Libr.
_cWaU
_dDLC
042 _apremarc
043 _af-ua---
050 0 0 _aDT56
_b.F8
100 1 _aFuʼād, Niʻmāt Aḥmad.
245 1 0 _aFī bilādī al-jamīlah
_c[taʼlīf] Niʻmat Aḥmad Fuʼād.
250 _a[al-Ṭabʻah al-ūlá]
260 _aal-Qāhirah,
_bMuʼassasat al-Khānjī
_c[1962]
300 _a12, 294 p.
_billus.
_c20 cm.
651 0 _aEgypt
_xSocial life and customs.
651 0 _aEgypt
_xDescription and travel.
999 _c46911
_d46911